01523nam a2200337 i 4500003000900000005001700009007000300026008004100029040003000070082002400100111012800124245023300252264005100485300005700536336002700593337003300620338002800653500004800681500005600729650003000785650002700815650003200842650003400874650003500908700003800943700004700981700003501028700003201063700003901095710005101134DO-SdBNP20240305131556.0ta240305s1997 dr ao 001 0dspa d aDO-SdBNPbspacBNPHUerda a709.7293bB588n2222 aBienal Nacional de Artes Visualesn(3ªddel 12 de octubre al 12 de enero de 1997 :cSanto Domingo, República Dominicana)10aBienal de pintura del Caribe y Centroamérica :bdel 12 de octubre al 12 de enero de 1997 /cproyecto editorial Betty Jansen, Marianne de Tolentino ; traducción Carlos García, Pedro Canó ; fotografías Marino Hernández 1aSanto Domingo :bMuseo de Arte Moderno,c1997. a154 páginasbilustraciones, fotografías c21 cm. 2rdacontentatextobtxt 2rdamediaasin mediaciónbn 2rdacarrieravolumenbnc aIncluye índice de artistas por países.  aIncluye lista de ganadores y de artistas invitados. 4aArte dominicanoySIGLO XX 4aArte modernoySIGLO XX 4aPintura dominicanaxPremios 4aEscultura dominicanaxPremios 4aCerámica dominicanaxPremios1 aJansen, Bettyeproyecto editorial1 aTolentino, Marianne deeproyecto editorial1 aGarcía, Carlosetraducción1 aCanó, Pedroetraducción1 aHernández, Marinoefotografías2 aMuseo de Arte Moderno (República Dominicana)